100 Najczęściej używanych angielskich słów - Statystyki

Ogólne statystyki
  • Ten quiz został rozwiązany 122 razy
  • Średni wynik to 29 z 100
Statystyki odpowiedzi
Miejsce Słowo % Poprawnych
6 A
92%
10 I
92%
2 Be
90%
16 He
83%
1 The
82%
18 You
81%
27 We
80%
30 She
78%
49 Go
72%
26 They
72%
11 It
67%
56 No
66%
19 Do
65%
14 On
63%
32 An
61%
50 Me
57%
7 In
56%
3 To
54%
40 What
43%
64 Your
42%
29 Her
41%
41 So
39%
9 Have
38%
20 At
37%
65 Good
36%
34 My
36%
5 And
35%
12 For
35%
23 His
35%
4 Of
33%
53 Can
31%
54 Like
30%
38 There
30%
85 How
29%
68 Them
29%
51 When
29%
46 Who
28%
13 Not
27%
8 That
27%
35 One
26%
21 This
26%
52 Make
25%
98 Day
24%
84 Two
24%
74 Look
23%
33 Will
23%
25 From
22%
24 By
21%
69 See
21%
71 Than
21%
15 With
21%
17 As
20%
47 Get
20%
28 Say
20%
100 Us
20%
94 Because
19%
22 But
19%
58 Him
19%
31 Or
19%
39 Their
19%
67 Could
18%
60 Take
18%
42 Up
18%
86 Our
17%
77 Its
16%
59 Know
16%
55 Time
16%
44 If
15%
73 Now
15%
82 After
14%
97 Give
14%
79 Think
14%
43 Out
13%
72 Then
13%
76 Come
12%
78 Over
12%
88 First
11%
96 These
11%
48 Which
11%
57 Just
10%
93 Want
10%
37 Would
10%
66 Some
9%
45 About
8%
81 Back
8%
83 Use
8%
89 Well
8%
87 Work
8%
63 Year
8%
36 All
7%
62 Into
6%
99 Most
6%
75 Only
6%
61 People
6%
90 Way
6%
80 Also
5%
91 Even
5%
92 New
4%
70 Other
3%
95 Any
2%
Nie znaleziono quizów pasujących do podanych kryteriów
Rozkład punktacji
Procent ludzi z każdym wynikiem
Percentyl według liczby udzielonych odpowiedzi
Twoja historia wyników
Nie rozwiązałeś tego quizu